000 00266nam a2200121Ia 4500
005 20251222141834.0
008 251222s9999||||xx |||||||||||||| ||spa||
082 _a610/E92
245 0 _aBanco Comentado:
250 _a1ra. ed.
264 _bEstudios M&C
942 _cLIB
999 _c7199
_d7199